| 000 | 02004cam a2200349 a 4500 | ||
|---|---|---|---|
| 001 | 436617370 | ||
| 003 | OCoLC | ||
| 005 | 20241021101647.0 | ||
| 008 | 091102s2010 ilub b 000 0aeng | ||
| 010 | _a2009046326 | ||
| 020 | _a9781414333076 (hc) | ||
| 020 | _a1414333072 (hc) | ||
| 020 | _a9781414336688 (international trade paper ed.) | ||
| 020 | _a1414336683 (international trade paper ed.) | ||
| 020 | _z1414336683 (international trade paper ed.) | ||
| 035 | _a(OCoLC)436617370 | ||
| 040 |
_aDLC _cDLC _dIG# _dBTCTA _dUPZ _dIH9 _dYDXCP _dABG _dVP@ _dIXA _dSINLB _dCDX _dBWX |
||
| 043 | _aa-is--- | ||
| 050 | 0 | 0 |
_a248.2 Y82S _bA3 2010 |
| 082 | 0 | 0 |
_a248.2 Y82S _aB _222 |
| 100 | 1 |
_aYousef, Mosab Hassan _9181 |
|
| 245 | 1 | 0 |
_aSon of Hamas / _cMosab Hassan Yousef ; with Ron Brackin |
| 260 |
_a[Carol Stream, Ill.] : _bSaltRiver, _cc2010 |
||
| 300 |
_axv, 265 p. : _bmap ; _c24 cm |
||
| 504 | _aIncludes bibliographical references (p. 263-265) | ||
| 505 | 0 | _aCaptured -- The ladder of faith -- Muslim brotherhood -- Throwing stones-- Survival -- A hero's return -- Radical -- Fanning the flames -- Guns -- The slaughterhouse -- The offer -- Number 823 -- Trust no one -- Riot -- Damascus Road -- Second Intifada -- Undercover -- Most wanted -- Shoes -- Torn -- The game -- Defensive shield -- Supernatural protection -- Protective custody -- Saleh -- A vision for Hamas -- Good-bye | |
| 520 | _aThe oldest son of Sheikh Hassan Yousef, a founding member of Hamas and its most popular leader, reveals new information about the world's most dangerous terrorist organization and unveils the truth about his own role, his agonizing separation from family and homeland, the dangerous decision to make his newfound faith public, and his belief that the Christian mandate to "love your enemies" is the only way to peace in the Middle East | ||
| 600 | 1 | 0 |
_aYousef, Mosab Hassan _9182 |
| 650 | 0 |
_aChristian converts from Islam _zIsrael _vBiography _9183 |
|
| 700 | 1 |
_aBrackin, Ron _9184 |
|
| 942 |
_2ddc _cBK |
||
| 999 |
_c11178 _d11178 |
||